Portland cement concrete pavement system/ (Record no. 548030)
[ view plain ]
| 000 -LEADER | |
|---|---|
| fixed length control field | 00388nam a22001337a 4500 |
| 082 ## - DEWEY DECIMAL CLASSIFICATION NUMBER | |
| Classification number | 625.84 |
| Author Mark | POR |
| -- | D |
| 100 ## - MAIN ENTRY--PERSONAL NAME | |
| Personal name | Darter, M. I |
| 9 (RLIN) | 44210 |
| 245 ## - TITLE STATEMENT | |
| Title | Portland cement concrete pavement system/ |
| 260 ## - PUBLICATION, DISTRIBUTION, ETC. | |
| Place of publication, distribution, etc. | Washington, DC: |
| Name of publisher, distributor, etc. | Transportation research board, |
| Date of publication, distribution, etc. | c1985 |
| 300 ## - PHYSICAL DESCRIPTION | |
| Extent | 175p;, |
| Other physical details | ill,: |
| Dimensions | 29cm |
| 526 ## - STUDY PROGRAM INFORMATION NOTE | |
| Program name | 0 |
| Interest level | 0 |
| Reading level | 0 |
| Title point value | 625_840000000000000_POR |
| 650 ## - SUBJECT ADDED ENTRY--TOPICAL TERM | |
| Topical term or geographic name entry element | MCE |
| 9 (RLIN) | 379 |
| 942 ## - ADDED ENTRY ELEMENTS (KOHA) | |
| Source of classification or shelving scheme | |
| Koha item type | Book |
| Withdrawn status | Lost status | Source of classification or shelving scheme | Damaged status | Not for loan | Permanent Location | Current Location | Date acquired | Total Checkouts | Full call number | Barcode | Date last seen | Price effective from | Koha item type |
|---|---|---|---|---|---|---|---|---|---|---|---|---|---|
| Military College of Engineering (MCE) | Military College of Engineering (MCE) | 08/19/2014 | 625.84 POR | MCE-42431 | 08/19/2014 | 08/19/2014 | Book |
